Deutsche Meistertrainer im Ausland - Statistiken

Allgemein
  • Dieses Quiz wurde 223 mal gespielt
  • Das Durchschnittsergebnis liegt bei 11 aus 27
Antwortstatistiken
Land Jahr Mannschaft Trainer % Korrekt
England 19/20 Liverpool Jürgen Klopp
100%
Frankreich 18/19 Paris SG Thomas Tuchel
89%
Frankreich 19/20 Paris SG Thomas Tuchel
89%
Portugal 22/23 Benfica Lissabon Roger Schmidt
73%
Österreich 13/14 Red Bull Salzburg Roger Schmidt
73%
Österreich 02/03 Austria Wien Christoph Daum
50%
Türkei 94/95 Besiktas Istanbul Christoph Daum
50%
Türkei 03/04 Fenerbahce Istanbul Christoph Daum
50%
Türkei 04/05 Fenerbahce Istanbul Christoph Daum
50%
Spanien 07/08 Real Madrid Bernd Schuster
49%
Österreich 01/02 FC Tirol Innsbruck Joachim Löw
43%
Österreich 17/18 Red Bull Salzburg Marco Rose
42%
Österreich 18/19 Red Bull Salzburg Marco Rose
42%
Österreich 21/22 Red Bull Salzburg Matthias Jaissle
31%
Österreich 22/23 Red Bull Salzburg Matthias Jaissle
31%
Schweiz 89/90 Grasshopper Zürich Ottmar Hitzfeld
30%
Schweiz 90/91 Grasshopper Zürich Ottmar Hitzfeld
30%
Schweiz 21/22 FC Zürich André Breitenreiter
29%
Frankreich 90/91 Marseilles Franz Beckenbauer
28%
Schweiz 09/10 FC Basel Thorsten Fink
21%
Schweiz 10/11 FC Basel Thorsten Fink
21%
Schweiz 11/12 FC Basel Heiko Vogel
16%
Türkei 92/93 Galatasaray Istanbul Karl-Heinz Feldkamp
16%
Österreich 10/11 Sturm Graz Franco Foda
14%
Japan 06 Urawa Red Diamonds Guido Buchwald
13%
Türkei 86/87 Galatasaray Istanbul Jupp Derwall
12%
Türkei 93/94 Galatasaray Istanbul Reiner Hollmann
3%
Keine übereinstimmenden Quizze gefunden
Verteilung der Resultate
Anzahl Personen mit jedem Resultat
Perzentil nach korrekt beantworteten Fragen
Ihre Resultats-Entwicklung
Sie haben dieses Quiz noch nicht gespielt